000 01654cam a22003854i 4500
003 PE-LiUPU
005 20250731173212.0
008 150625s r 000 0 d
035 _a(Sirsi) a32361
040 _aPE-LiUPU
_bspa
_cPE-LiUPU
_erda
082 0 4 _a202.85
_bB19
_221
111 2 _aCongreso teologico latinoamericano
_nI
245 1 0 _aHambre de Dios hambre de pan.
264 1 _aLima :
_bcogreso teologico internacional,
_c1987.
336 _atext
_2rdacontent
337 _aunmediated
_2rdamedia
338 _avolume
_2rdacarrier
505 0 _aHambre de Dios y hambre de pan en la nueva evangelización. - Hambre de Dios y hambre de pan en el amgisterio de Juan Pablo II. - Hambre de Dios y hambre de pan en el antiguo testamento. - Hambre de Dios y hambre de pan a la luz de la historia de la salvación. - Eucaristia y hambre de Dios y hambre de pan. - Hambre de Dios y hambre de pan , hambre de la tierra. - Sintesis de la espiritualidad de los pobres de Yave en su hambre de Dios y hambre de pan.
526 _aSEG42
526 _aSEG41
526 _aSEG40
526 _aSEG39
526 _aP94
526 _aP87
526 _aP86
526 _aP85
526 _aP77
526 _aP76
526 _aP35
942 _2ddc
_cBOOK
949 _a202.85 B19
_wDEWEY
_c1
_i29076
_lCCODEBUL1
_mBUL
_p00.00
_r0
_sY
_tBOOK
_u2015-06-25
_xBIBLIOTECA
_zUNKNOWN
_0COMPRA
_o.STAFF. Colección General
596 _a1
999 _a202.85 B19
_wDEWEY
_c40005
_i29076
_f2021-11-9
_g5
_lCCODEBUL1
_mBUL
_r0
_sY
_tBOOK
_u2015-6-25
_xTEOLOGIA
_zUNKNOWN
_0COMPRA
_o.STAFF. Colección General
_d40005
980 _81
_gALBERTO SANCHEZ Responsable de Automatización